| 000 | 00673cam a22002175a 4500 | ||
|---|---|---|---|
| 001 | L158573 | ||
| 008 | 150506s2014 xxk f 000 0 eng d | ||
| 020 | _a9781118499207 | ||
| 035 | _a(Sirsi) u158573 | ||
| 041 | 0 | _aeng | |
| 050 | 0 | 4 | _a692.5 |
| 100 | 1 | _aLee, Sandra | |
| 245 | 0 | 0 | _aWillis's elements of quantity surveying |
| 260 |
_aOxon _bWiley Blackwell _c2014 |
||
| 520 | _aAn overview of the need for measurement and the differing rules governing measurement at the various stages of the design cycle. | ||
| 521 | _aAdvanced | ||
| 651 | 4 | _aENGLAND AND WALES | |
| 690 |
_aQUANTITY SURVEYING _96263 |
||
| 700 | 1 | _aTrench, William; Willis, Andrew | |
| 942 | _n0 | ||
| 999 |
_c115392 _d115392 |
||